| 000 | 00545cam a2200205 i 4500 | ||
|---|---|---|---|
| 020 | _a0538129808 | ||
| 040 | _cDLC | ||
| 082 | 0 | 0 | _a344 SOU 1980 A089 Or. |
| 100 | 1 | _aTwomey, David P. | |
| 245 | 1 | 0 | _aLabor law & legislation / |
| 250 | _a6th ed. | ||
| 260 |
_aCincinnati : _bSouth-Western Pub. Co., _cc1980. |
||
| 300 |
_aix, 547 p. ; _c24 cm. |
||
| 500 | _aFifth ed. (1975) by A. H. Myers. | ||
| 500 | _aIncludes indexes. | ||
| 650 | 0 | _aLabor laws and legislation | |
| 650 | 0 | _aLabor unions | |
| 700 | 1 | _aMyers, A. Howard | |
| 942 | _cEK | ||
| 999 |
_c16206 _d16206 |
||